Bilecik Bilecik Bilecik Bilecik Bilecik

Sayısal işaret işleme : (Record no. 11)

MARC details
000 -BAŞLIK
Sabit Uzunluktaki Kontrol Alanı 01147nam a22003257a 4500
001 - KONTROL NUMARASI
Control Dosyası 0000010
003 - KONTROL NUMARASI KİMLİĞİ
Kontrol Alanı KOHA_MİRAKIL
005 - EN SON İŞLEM TARİHİ ve ZAMANI
Kontrol Alanı 20260207001156.0
007 - FİZİKSEL TANIM SABİT ALAN - GENEL BİLGİ
Sabit uzunluklu kontrol alanı ta
008 - SABİT UZUNLUKTAKİ VERİ ÖGELERİ - GENEL BİLGİ
Sabit Alan 081212b1999 tu |||gr||||#||||0|tur |
020 ## - ISBN - ULUSLARARASI STANDART KİTAP NUMARASI
Isbn 9755917926
Kullanılabilirlik koşulları 26,69
040 ## - KATALOGLAMA KAYNAĞI
Özgün Kataloglama Kurumu TR-BiSEU
Kataloglama Dili tur
Çeviri Kurumu TR-BiSEU
Açıklama Kuralları rda
041 0# - DİL KODU
Metin ya da ses kaydının dil kodu tur
044 ## - YAYINLAYAN/ÜRETEN KURULUŞUN ÜLKE KODU
ISO country code tu
050 ## - SINIFLAMA ve YER NUMARASI
Sınıflama Numarası TK5102.92
Yer Numarası .H39 1999
100 1# - KİŞİ ADI
Yazar Adı (Kişi adı) Hayes, Monson H..
240 10 - TEK BİÇİM BAŞLIK
Tekbiçim Başlık <a href="Schaum's outline of theory and problems of digital signal processing">Schaum's outline of theory and problems of digital signal processing</a>
Language of a work Türkçe
245 1# - ESER ADI BİLDİRİMİ
Başlık Sayısal işaret işleme :
Alt Eseradı vb. teori ve problemlerle =
-- Schaum's outline of theory and problems of digital signal processing/
Sorumluluk Bildirimi Monson H. Hayes ; Monson H. Hayes; çeviren Erhan Akın.
264 #1 - ÜRERİM, YAYIN, DAĞITIM ve TELİF BİLDİRİMİ
Yayın yeri Ankara :
Yayınlayan Nobel Yayıncılık
Yayın tarihi 1999
300 ## - FİZİKSEL TANIMLAMA
Sayfa, Cilt vb. 431 sayfa: resimli; 30 cm
336 ## - İÇERİK TÜRÜ
Content type term metin
Content type code txt
Source rdacontent
337 ## - MEDYA TÜRÜ
Media type term aracısız
Media type code n
Source rdamedia
338 ## - TAŞIYICI TÜRÜ
Carrier type term cilt
Carrier type code nc
Source rdacarrier
490 1# - DİZİ BİLDİRİMİ
Dizi Bildirimi Nobel yayınları ;
Cilt Numarası 807
500 ## - GENEL NOT
Genel Not Dizin var.
650 #0 - KONU BAŞLIĞI EK GİRİŞ - KONU TERİMİ
Konusal terim veya coğrafi ad Sinyal işleme--Dijital teknikler--Problemler, aliştirmalar, v.b.
9 (RLIN) 1489
830 1# - SERİ EK GİRİŞİ - TEKBİÇİM ESER ADI
Tekbiçim Başlık Nobel yayınları ;
Volume number/sequential designation 807
9 (RLIN) 1490
907 ## - LOCAL DATA ELEMENT G, LDG (RLIN)
a Ders Kitabı
942 ## - EK GİRİŞ ÖGELERİ (KOHA)
Source of classification or shelving scheme Library of Congress Classification
Koha item type Book
Holdings
Materyal Türü Kalıcı Konum Mevcut Konum Raf Yeri Sınıflandırma Kaynağı Edinim Bilgisi Ana Konular Alt Konular Yer Numarası Demirbaş Numarası Fatura Tarihi Maliyet, Alış Fiyatı Maliyet, Yenileme Fiyatı Geri Çekilme Durumu Kayıp Durumu Hasarlı Durumu Kredi için değil Kayıt Tarih Toplam Ödünçverme Toplam Yenileme Çıkış Durumu Son Görülme Tarihi Son Kontrol Tarihi
Book Prof. Dr. Azmi Özcan Kütüphanesi Prof. Dr. Azmi Özcan Kütüphanesi Birûni Salonu Library of Congress Classification Satın TEKNOLOJİ Elektrik Mühendisliği, Elektronik, Nükleer Mühendislik TK5102.92 .H39 1999 0000010 12/12/2008 28.83 28.83         12/12/2008 28 1 26/04/2026 17/03/2026 17/03/2026
Book Prof. Dr. Azmi Özcan Kütüphanesi Prof. Dr. Azmi Özcan Kütüphanesi Birûni Salonu Library of Congress Classification Satın TEKNOLOJİ Elektrik Mühendisliği, Elektronik, Nükleer Mühendislik TK5102.92 .H39 1999 0000196 12/12/2008 26.67 26.67         12/12/2008 41     09/12/2024 09/12/2024